000 00430nam#a2200169#c#4500
003 IEF
005 20180219171624.0
008 950601s1969 uuu####fr####| 0||u| |u
040 _aIEF
110 2 _aFederal Reserve Bank of Boston
_931105
245 _aControlling Monetary Aggregates
260 _c1969
490 _aFederal Reserve Bank of Boston. Conference series ; 1
942 _cLIB
942 _z48558
999 _c115517
_d115517